000 00689nam a2200229Ia 4500
003 OSt
005 20260130151639.0
008 210716s2018 xx 000 0 und d
020 _a9788126559633
040 _cAIMIT LIBRARY
041 _aeng
082 _a658.4012
_bPEAK
100 _aPearlson, Keri E.
_9253332
245 _aStrategic management of information systems /
_cBy Keri E Pearlson ; Carol S Saunders.
250 _a1st ed.
260 _aNew Delhi :
_bWiley India Pvt Ltd ,
_c2018.
300 _axiv,401p. ;
_bPB
_c23 cm
650 _aStrategic Management
_9253333
650 _aInformation Systems
_9253334
700 _aSaunders, Carol S.
_9253335
942 _2ddc
_cBK
999 _c197190
_d197190